00342nam a2200109Ia 4500008004100000082001300041100002200054245004200076942000600118952009500124999001300219240331s9999 xx 000 0 und d a060bWEE aWeerakoon, A.C.G. 0aDawin,dawinwadaya ha minis sanhathiya cL 001040708LaWERCLbWERCLcSSCd2024-03-31l0o 060 WEEp1443r2024-03-31w2024-03-31yL c632d632